000 00672nam a2200217Ia 4500
005 20221130131245.0
008 131103s9999 xx 000 0 und d
020 _a195648757
_cRs.325
040 _aLoreto College
041 _aEnglish
082 _a954.8
_bCHA
100 _aChampakalakshmi,R.
245 _aTrade,ideology and urbanization
_b South India 300 B.C. to A.D.1300
_cC.Champakalakshmi
260 _aNew Delhi
_bOxford University Press
_c1996
300 _a485 p.
_b illus.
440 _aOxford India Paperbacks
504 _aIncludes bibliographical references and index
650 _aTrade, Ideology and Urbanization
850 _aLCLIB
942 _cBK
999 _c10249
_d60728